| 000 | 00736nam a22002417a 4500 | ||
|---|---|---|---|
| 999 |
_c3705 _d3705 |
||
| 003 | AR-CdUCM | ||
| 008 | 190307b ||||| |||| 00| 0 spa d | ||
| 040 |
_aMUNICIPALIDAD PROVINCIAL DEL CUSCO _cBIBLIOTECA MUNICIPAL DEL CUSCO |
||
| 041 | _heng | ||
| 082 |
_a382 / _bK79 |
||
| 100 |
_aKramer, Roland L _912013 |
||
| 245 |
_aComercio Internacional : _bTeoria, Politica, Practica / |
||
| 260 |
_aMexico : _bCogesa, _c1964. |
||
| 300 |
_a731 paginas ; _btablas, _c23cm |
||
| 500 | _aInternational Trade titulo original | ||
| 650 |
_aComercio _9322 |
||
| 650 |
_aInternacional _94041 |
||
| 650 |
_aEstados Unidos _92115 |
||
| 650 |
_aFinanciera _912014 |
||
| 700 |
_aRostro, Francisco _912015 |
||
| 942 |
_2ddc _cLIBROS |
||
| 945 | _apjha | ||